حقيقة الجن في ظلال القرآن للشيخ سيد قطب / (رقم التسجيلة. 16291)

تفاصيل مارك
000 -الفاتح
عناصر البيانات ثابتة الطول 00676cam a2200169 i 4500
005 - تاريخ ووقت آخر معاملة
حقل ضبط 20251127110837.0
008 - عناصر البيانات ثابتة الطول
عناصر البيانات ثابتة الطول 250721s1993 ua gr 000 0 ara d
082 14 - رقم تصنيف ديوي العشري
رقم التصنيف 211.9
رقم المادة ع ك ا
100 1# - مدخل رئيسي – اسم شخصي
الاسم الشخصي الطيبي، عكاشه عبد المنان
علاقة الشخص بالعمل/ دوره معد.
245 10 - بيان العنوان
العنوان حقيقة الجن في ظلال القرآن للشيخ سيد قطب /
بيان المسؤولية أعده وخرج أحاديثه وقدم له عكاشة عبد المنان الطيبي.
264 31 - بيانات النشر، التوزيع…إلخ
مكان النشر، التوزيع...إلخ القاهره :
اسم الناشر، الموزع...إلخ دار الفضيله للنشر و التوزيع،
تاريخ النشر، التوزيع...إلخ 1993.
300 ## - الوصف المادي
عدد الوحدات المكونة للوعاء 110 صفحة.
650 17 - مدخل إضافي بالموضوع - مصطلح موضوعي
مصطلح موضوعي أو اسم جغرافي كعنصر مدخل القرآن الكريم.
650 17 - مدخل إضافي بالموضوع - مصطلح موضوعي
مصطلح موضوعي أو اسم جغرافي كعنصر مدخل الجن.
942 ## - بيانات إضافية (كوها)
نوع التنصيف Dewey Decimal Classification
نوع المادة (كوها) كتب
المقتنيات
حالة السحب حالة الفقدان مصدر التصنيف حالة التلف غير قابل للإعارة المكتبة الرئيسية المكتبة الحالية موقع الرف تاريخ التزويد الرقم المتسلسل Total Checkouts رقم الإستدعاء الباركود تاريخ آخر ظهور تاريخ الفاتورة نوع المادة (كوها)
    Dewey Decimal Classification     المكتبة المركزية المكتبة المركزية الإعارة 06/07/2004 179814   211.9 / ع ك ا 179814 28/07/2025 06/07/2004 كتب
    Dewey Decimal Classification     مكتبة الحسن العامة مكتبة الحسن العامة الإعارة 22/09/2018 07393   211.9/عكا PLD00432644 28/07/2025 22/09/2018 كتب
    Dewey Decimal Classification     مكتبة صويلح العامة مكتبة صويلح العامة الإعارة 05/09/2015 007059   211.9/عكا PLD00344855 28/07/2025 05/09/2015 كتب
    Dewey Decimal Classification     مكتبة وادي السير العامة مكتبة وادي السير العامة الإعارة 10/02/2016 [4127].   211.9/عكا PLD00373157 28/07/2025 10/02/2016 كتب
Implemented & Customized by: BBB with SCIT (Smart Chains for Information Technology)

Powered by Koha